| 000 | 00818cab a2200277 4500 | ||
|---|---|---|---|
| 001 | ABS54677 | ||
| 008 | 090401t1996 xxu||||| |||| 00| 0 eng d | ||
| 035 | _a(Sirsi) u11702 | ||
| 041 | _aeng | ||
| 245 | _aEstates Times survey: Lothian | ||
| 260 | _c1996 | ||
| 350 | _a0 | ||
| 490 |
_aEstates Times _v(1317) 22 March 1996, 9-16(8) |
||
| 650 | _aEDINBURGH | ||
| 650 | _aFIFE | ||
| 650 | _aINDUSTRIAL MARKET | ||
| 650 | _aLOCAL GOVERNMENT REORGANISATION | ||
| 650 | _aPROPERTY-COMMERCIAL PROPERTY-OFFICE PROPERTY-OFFICE PROPERTY MARKET | ||
| 650 | _aPFI | ||
| 650 | _aPROPERTY-COMMERCIAL PROPERTY-RETAIL PROPERTY-RETAIL PROPERTY MARKET | ||
| 650 | _aRETAIL WAREHOUSING | ||
| 650 | _aSCOTLAND | ||
| 690 | _aPROPERTY-COMMERCIAL PROPERTY-COMMERCIAL PROPERTY MARKET | ||
| 942 | _n0 | ||
| 948 | _c04/03/1997 | ||
| 999 |
_c7471 _d7471 |
||